000 00979cam a22003017a 4500
003 CHAP
005 20220817042443.0
008 971013s1985 r 00010 d
010 _a45225
011 _a46197
035 _a50338
040 _cCHAP
082 _a972.081
_bC35
100 0 0 _aCarrillo Huerta, Mario M.
_ecomp.
245 1 3 _aEl desarrollo en México después de la revolución de 1910
_b: seis conferencias
260 _aPuebla, Pub. :
_bEl Colegio de Puebla,
_c1985
300 _a125 p.
590 _aBATCH-UPD
_b10
_c20130110
_lUCH01
_h1533
590 _aBATCH-UPD
_b10
_c20130410
_lUCH01
_h0939
590 _aBATCH-UPD
_b10
_c20130914
_lUCH01
_h1255
590 _aCONVERSION
_b10
_c20130109
_lUCH01
_h1325
650 1 4 _aMéxico
_xHistoria
_xRevolución.
_976768
700 0 _aReyes Cardoso, Gabriel
_ecomp.
_996764
710 0 _aEl Colegio de México.
901 _aBK
942 _cLIBRO
949 _a972.081 C35
_bBC
_cLIBRO
_d33724000009676
_eLIBRO
_h89426
_i50338
_si
999 _c45225
_d45225